|
|
|
|
| LEADER |
00000nam a2200000Ii 4500 |
| 001 |
DIGUCAUCA0194 |
| 003 |
NyNyDIG |
| 006 |
m o d |
| 007 |
cr ||||||||||| |
| 008 |
250611s2024 ck uua ob 001 0 spa d |
| 035 |
|
|
|a (OCoLC)1517371719
|
| 040 |
|
|
|a DGITA
|b eng
|e rda
|e pn
|c DGITA
|
| 020 |
|
|
|a 9790801644107
|q digital
|
| 024 |
2 |
|
|z 9790801644091
|
| 043 |
|
|
|a s-ck---
|
| 050 |
1 |
4 |
|a M1621 ebook
|
| 100 |
1 |
|
|a Valera de la Providencia, Adriana,
|e author.
|
| 245 |
1 |
0 |
|a Sergio Rojas Fajardo :
|b diez versiones para voz y piano /
|c Adriana Valera de la Providencia, Carlos Hugo Ayala.
|
| 250 |
|
|
|a Primera edición en español.
|
| 264 |
|
1 |
|a Popayán, Colombia :
|b Editorial Universidad del Cauca,
|c 2024.
|
| 300 |
|
|
|a 1 online resource (1 score)
|
| 336 |
|
|
|a notated music
|b ntm
|2 rdacontent
|
| 337 |
|
|
|a computer
|b c
|2 rdamedia
|
| 338 |
|
|
|a online resource
|b cr
|2 rdacarrier
|
| 347 |
|
|
|a text file
|2 rdaft
|
| 347 |
|
|
|b PDF
|
| 504 |
|
|
|a Includes bibliographical references and index.
|
| 588 |
0 |
|
|a Online resource; title from PDF title page (Digitalia, viewed June 11, 2025)
|
| 650 |
|
0 |
|a Folk music
|z Colombia
|v Scores.
|
| 650 |
|
0 |
|a Popular music
|z Colombia
|v Scores.
|
| 650 |
|
0 |
|a Piano music
|z Colombia
|v Scores.
|
| 650 |
|
0 |
|a Vocal music
|z Colombia
|v Scores.
|
| 700 |
1 |
|
|a Valera de la Providencia, Adriana,
|e author.
|
| 700 |
1 |
|
|a Ayala, Carlos Hugo,
|e author.
|
| 776 |
0 |
8 |
|i Print version:
|a Valera de la Providencia, Adriana.
|t Sergio Rojas Fajardo.
|b Primera edición en español.
|d Popayán, Colombia : Editorial Universidad del Cauca, 2024
|z 9790801644091
|
| 791 |
2 |
|
|a Digitalia (Firm),
|e distributor.
|
| 793 |
0 |
|
|g Digitalia eBook Collection:
|a Editorial Universidad del Cauca
|
| 856 |
4 |
0 |
|3 Digitalia Hispánica
|u https://www.digitaliapublishing.com/a/173818/
|
| 910 |
|
|
|a Premium collection: 2025
|